|
|
|
|
| LEADER |
00000nam a22000007a 4500 |
| 005 |
20190920225547.0 |
| 007 |
cr|||| |||| |
| 008 |
190920s2019 br |||||s|||| 00||0 por d |
| 020 |
|
|
|a 978-85-361-9963-4
|
| 035 |
|
|
|a 30316
|
| 040 |
|
|
|a vLex
|
| 090 |
|
|
|c 9630
|d 9630
|
| 100 |
1 |
|
|a Costa Filho, Armando Casimiro
|
| 245 |
1 |
0 |
|a CLT-LTr - Consolidaȯ̂ das leis do trabalho 50® Ediȯ̂ 2019
|h [Recurso electrn̤ico] /
|c Armando Casimiro Costa Filho, Manoel Casimiro Costa, Melcha̕des Rodrigues Martins, Sonia Regina da Silva Claro
|
| 250 |
|
|
|a 50® Edicin̤
|
| 256 |
|
|
|a Servicio en ln̕ea
|
| 260 |
|
|
|a San Pablo:
|b LTR,
|c 2019
|
| 300 |
|
|
|a 1 recurso electrn̤ico
|
| 500 |
|
|
|a ESTE VOLUME CONTÉM: - Texto da Consolidaȯ̂ das Leis do Trabalho, como se acha em vigor - Legislaȯ̂ complementar sobre: adicionais de insalubridade e periculosidade, admissô e dispensa de empregados, aprendizagem, cadastro de empregados, contrato de trabalho, correȯ̂ monetr̀ia, direito de greve, empregado domštico, estagir̀ios, FGTS, gratificaȯ̂ de Natal, inspeȯ̂ do trabalho, processo do trabalho, PIS/PASEP, repouso remunerado, salr̀ios, profisse̳s regulamentadas, fřias, tabela de multas administrativas, salr̀io-faml̕ia, salr̀io mn̕imo, salr̀ios profissionais, seguro-desemprego, trabalho do menor e da mulher, trabalho rural, trabalho temporr̀io, vendedor-viajante e pracista, Regime Único dos Servidores Pb︢licos, Aȯ̂ Civil Pb︢lica, Estatuto da Advocacia e da OAB, Ministřio Pb︢lico do Trabalho, alm̌ de outros tt̕ulos - Constituiȯ̂ da Repb︢lica Federativa do Brasil - Emendas Constitucionais (dispositivos sobre matřia trabalhista) - Lei da Recuperaȯ̂ Judicial, a extrajudicial e a faln̊cia do empresr̀io e da sociedade empresr̀ia (dispositivos sobre crďitos trabalhistas e de acidente do trabalho) - Índice cumulativo da CLT e da legislaȯ̂ complementar - Índice sistemt̀ico da CLT - Texto do Cd̤igo Civil de 2002 (dispositivos sobre relaȯ̂ de trabalho e aqueles aplicv̀eis ao Direito do Trabalho de forma subsidir̀ia) - Texto da Convenȯ̂ n. 132 da OIT - Declaraȯ̂ Sociolaboral do Mercosul - Convenȯ̂ Internacional sobre os Direitos das Pessoas com Deficin̊cia - Estatuto da Juventude - Estatuto da Igualdade Racial - Estatuto do Estrangeiro - Remisse̳s das Sm︢ulas, Orientaė̳s Jurisprudenciais do TST-Pleno, SDI 1 e 2, Transitr̤ias, SDC e Precedentes Normativos referentes aos artigos da CLT - Novo CPC - Lei n. 13.105, de 16.3.2015
|
| 506 |
1 |
|
|a Disponible solo en los productos indicados
|d vLex Global
|d vLex Global (Academic Edition, excluding Law Schools)
|d vLex Global (U.S. Academic Edition, Law Schools)
|d vLex Global (U.S. Academic Edition, excluding Law Schools)
|d vLex Global (Academic Edition, Law Schools)
|
| 650 |
0 |
4 |
|a Derecho Laboral y Seguridad Social
|z Brasil
|
| 700 |
1 |
|
|a Costa, Manoel Casimiro
|
| 700 |
1 |
|
|a Rodrigues Martins, Melcha̕des
|
| 700 |
1 |
|
|a da Silva Claro, Sonia Regina
|
| 740 |
0 |
|
|a vLex Libros (Servicio en ln̕ea)
|
| 856 |
4 |
0 |
|u http://vlex.com/source/clt-ltr-consolida-o-das-leis-do-trabalho-50-edi-o-2019-30316
|z Acceso restringido
|
| 942 |
|
|
|c BOOK
|
| 999 |
0 |
|
|a Labor law and social security
|